Hormonal regulation of development; (Record no. 15544)

000 -LEADER
fixed length control field 00483cam a2200181I 4500
020 ## - INTERNATIONAL STANDARD BOOK NUMBER
ISBN 3540101616
040 ## - CATALOGING SOURCE
Transcribing agency DGW
082 ## - DEWEY DECIMAL CLASSIFICATION NUMBER
Classification number 581 SPR 1980 A080 Or.
245 00 - TITLE STATEMENT
Title Hormonal regulation of development;
260 ## - PUBLICATION, DISTRIBUTION, ETC. (IMPRINT)
Place of publication Berlin,
-- New York,
Name of publisher Springer-Verlag,
Year of publication 1980-85
300 ## - PHYSICAL DESCRIPTION
Number of Pages 3 v.
Other physical details illus.
Dimensions 25 cm
490 1# - SERIES STATEMENT
Series statement Encyclopedia of plant physiology ;
650 #0 - SUBJECT ADDED ENTRY--TOPICAL TERM
Topical Term Plant hormones
650 #0 - SUBJECT ADDED ENTRY--TOPICAL TERM
Topical Term Plant regulators
700 1# - ADDED ENTRY--PERSONAL NAME
Personal name MacMillan, J
700 1# - ADDED ENTRY--PERSONAL NAME
Personal name Bearder, J. R
942 ## - ADDED ENTRY ELEMENTS (KOHA)
Koha item type សៀវភៅភាសាអង់គ្លេស
952 ## - LOCATION AND ITEM INFORMATION (KOHA)
Withdrawn status [LOCAL, KOHA] 0
Holdings
Permanent Location Date acquired Koha item type Lost status Shelving location Barcode Current Location Full call number
Library Block A2017-11-29សៀវភៅភាសាអង់គ្លេស A080A07699Library Block A581 SPR 1980 A080 Or.
មជ្ឈមណ្ឌលឯការនៃសាកលវិទ្យាល័យភូមិន្ទកសិកម្មចំការដូង

Powered by Koha